000 00502nam a22001937a 4500
003 OSt
005 20160922130339.0
008 160922b xxu||||| |||| 00| 0 eng d
020 _a0340741023
040 _cDNLM.
082 _aWK810D14 1999.
100 _aEdited by John,Tooke;
_911098
245 _aDiabetic Angiopathy.
260 _aLondon.
_bArnold;
_c1999.
300 _axvi,304p;
_bill;
_c25cm.
504 _areferences and Index are included.
650 _aDiabets.
_911099
942 _2z
_cO_SHELF
999 _c5272
_d5272